• 首页
  • 本馆介绍
  • 公告通知
  • 最新文献
  • 馆藏检索
  • 电子资源
  • 读者导购
  • 参考咨询
  • 我的图书馆
  • 登录
  • 详细信息显示
  • 放入我的书架
  • 预约/预借图书
  • 作者相关作品
  • 分类相关作品
  • 丛书相关作品
  • 出版社相关作品

书目信息

  • 表格格式
  • 工作单格式
  • 卡片格式
题名:
化工制图
    
 
作者: 林大钧 , 于传浩 , 杨静 主编
分册:  
出版信息: 北京   高等教育出版社  2014.05
页数: 321页
开本: 26cm
丛书名:
单 册:
中图分类: TQ050.2
科图分类:
主题词: 化工机械--机械制图--高等教育--教材 , 化工机械 , 机械制图
电子资源:
ISBN: 978-7-04-031120-4
000 01180nam0 2200325 450
001 0120141370892
005 20170502102316.59
010    @a978-7-04-031120-4@dCNY39.50(含光盘)
100    @a20141108d2014 em y0chiy0110 ea
101 0  @achi
102    @aCN@b110000
105    @aak z 000yy
106    @ar
200 1  @a化工制图@9hua gong zhi tu@f林大钧,于传浩,杨静主编
205    @a2版
210    @a北京@c高等教育出版社@d2014.05
215    @a321页@c折图@d26cm@e1光盘
300    @a普通高等教育“十一五”国家级规划教材
307    @a附光盘:ISBN 978-7-89423-572-5
330    @a本书共分为工程制图基础、计算机绘图、化工工艺图、化工设备图四部分内容。主要包括形体形成分析、典型化工设备的形体分析、投影和基本视图、尺寸标注、机件的表达方法;介绍了如何应用AutoCAD软件进行二维图形绘制、三维实体造型等内容。
333    @a本书可作为高等学校化工类专业的教材
606 0  @a化工机械@x机械制图@x高等教育@j教材
606 0  @a化工机械
606 0  @a机械制图
690    @aTQ050.2@v5
701  0 @a林大钧@9lin da jun@4主编
701  0 @a于传浩@9yu chuan hao@4主编
701  0 @a杨静@9yang jing@4主编
801  0 @aCN@b人天书店@c20141108
905    @b989881-84@dTQ050.2@e382=2@f4
    
    化工制图/林大钧,于传浩,杨静主编.-2版.-北京:高等教育出版社,2014.05
    321页:折图;26cm+1光盘
    普通高等教育“十一五”国家级规划教材.-使用对象:本书可作为高等学校化工类专业的教材
    
    ISBN 978-7-04-031120-4:CNY39.50(含光盘)
    本书共分为工程制图基础、计算机绘图、化工工艺图、化工设备图四部分内容。主要包括形体形成分析、典型化工设备的形体分析、投影和基本视图、尺寸标注、机件的表达方法;介绍了如何应用AutoCAD软件进行二维图形绘制、三维实体造型等内容。
●
相关链接 在E读中查询图书 在五车中查询图书 在当当中查询图书 在豆瓣中查询图书


正题名:化工制图     索取号:TQ050.2/382=2         预约/预借

序号 登录号 条形码 馆藏地/架位号 状态 备注
1 989881   209898814   第二样本阅览室/ [索取号:TQ050.2/382=2] 在馆    
2 989882   209898823   第三借阅区/ [索取号:TQ050.2/382=2] 在馆    
3 989883   209898832   第三借阅区/ [索取号:TQ050.2/382=2] 在馆    
4 989884   209898841   密集书库-化学系/ [索取号:TQ050.2/382=2] 在馆    
唐山师范学院图书馆 欢迎您!
大连网信软件有限公司© 版权所有